logo

Bir Sreshtho Munshi Abdur Rouf Library
Jhenaidah Cadet College

Radical Politics and The Emergence of Bangladesh / (Record no. 6879)

MARC details
000 -LEADER
fixed length control field 00633nam a22002297a 4500
001 - CONTROL NUMBER
JCCL Control Number 6879
003 - CONTROL NUMBER IDENTIFIER
JCCL marc code BD-JhCC
005 - DATE AND TIME OF LATEST TRANSACTION
control field 20180131131119.0
008 - FIXED-LENGTH DATA ELEMENTS--GENERAL INFORMATION
fixed length control field 171031s2003 bg |||| ||a| 001 0 eng d
020 ## - INTERNATIONAL STANDARD BOOK NUMBER
International Standard Book Number 9844103274
035 ## - SYSTEM CONTROL NUMBER
system control number (BD-JhCC)6879
040 ## - CATALOGING SOURCE
Original cataloging agency BD-JhCC
Modifying agency BD-JhCC
041 ## - LANGUAGE CODE
Language code of Book eng
082 ## - DEWEY DECIMAL CLASSIFICATION NUMBER
Classification number 954.9205
Author mark and Year MAN 2003
100 ## - MAIN ENTRY--PERSONAL NAME
Personal name Maniruzzaman, Talukder
245 ## - TITLE STATEMENT
Title Radical Politics and The Emergence of Bangladesh /
Statement of responsibility, etc Talukder Maniruzzaman
260 ## - PUBLICATION, DISTRIBUTION, ETC. (IMPRINT)
Place of publication, distribution, etc Dhaka :
Name of publisher, distributor, etc Mowla Brothers,
Date of publication, distribution, etc 2003.
300 ## - PHYSICAL DESCRIPTION
Pagination 109 p. :
Dimensions 22 cm.
650 ## - SUBJECT ADDED ENTRY--TOPICAL TERM
Topical term or geographic name as entry element Revolution (1971)
Geographic subdivision Bangladesh
942 ## - ADDED ENTRY ELEMENTS (KOHA)
Source of classification or shelving scheme Dewey Decimal Classification
Koha item type Books
Holdings
Source of classification or shelving scheme Damaged status Not for loan Home library Current library Shelving location Date of accession Cost, normal purchase price Total Checkouts Full call number Barcode Date last seen Copy number Koha item type
Dewey Decimal Classification     JCC Rouf Library JCC Rouf Library General Stacks 01/31/2018 150.00   954.9205 MAN 2003 9443 01/31/2018 C-1 Books

JCC Library | Contacts | JCC Home

Last Update on 23 September 2017
Copyright @ 2017-2020 JCC Rouf Library
Rouf Library, Jhenidah Cadet College (JCC), Bangladesh